Electronic Devices And Circuit Theory (Record no. 66751)

000 -LEADER
fixed length control field 00444nam a22001697a 4500
003 - CONTROL NUMBER IDENTIFIER
control field NUST - PNEC
005 - DATE AND TIME OF LATEST TRANSACTION
control field 20170116181002.0
008 - FIXED-LENGTH DATA ELEMENTS--GENERAL INFORMATION
fixed length control field 150912b xxu||||| |||| 00| 0 eng d
020 ## - INTERNATIONAL STANDARD BOOK NUMBER
International Standard Book Number 0876925700
040 ## - CATALOGING SOURCE
Transcribing agency LIBRARY
082 ## - DEWEY DECIMAL CLASSIFICATION NUMBER
Classification number 621.3815 BOY
100 ## - MAIN ENTRY--PERSONAL NAME
9 (RLIN) 9583
Personal name Boylestad,Robert
245 ## - TITLE STATEMENT
Title Electronic Devices And Circuit Theory
Statement of responsibility, etc. Robert,Boylestad
250 ## - EDITION STATEMENT
Edition statement 4th ed
650 ## - SUBJECT ADDED ENTRY--TOPICAL TERM
9 (RLIN) 9586
Topical term or geographic name entry element Electronic circuits
General subdivision EE/
942 ## - ADDED ENTRY ELEMENTS (KOHA)
Source of classification or shelving scheme
Koha item type Book
Holdings
Withdrawn status Lost status Source of classification or shelving scheme Damaged status Not for loan Permanent Location Current Location Shelving location Date acquired Total Checkouts Full call number Barcode Date last seen Price effective from Koha item type
          Pakistan Navy Engineering College (PNEC) Pakistan Navy Engineering College (PNEC)       621.3815 BOY PNECLIB-015955 09/12/2015   Book
          Pakistan Navy Engineering College (PNEC) Pakistan Navy Engineering College (PNEC)   10/01/2015   621.3815 BOY PNECLIB-011670 10/01/2015   Book
          Pakistan Navy Engineering College (PNEC) Pakistan Navy Engineering College (PNEC)       621.3815 BOY PNECLIB-015964 10/04/2015   Book
          Pakistan Navy Engineering College (PNEC) Pakistan Navy Engineering College (PNEC)       621.3815 BOY PNECLIB-015956 10/04/2015   Book
© 2023 Central Library, National University of Sciences and Technology. All Rights Reserved.